000
00491nam a2200169Ia 4500
008
110201s9999 xx 000 0 und d
082
_b
B7672
_a
KS 1149
100
_a
शेवडे शैलजा
245
_a
भुईनळा
260
_b
डिंपल पब्लिकेशन
365
_b
150
600
_a
शेवडे शैलजा
630
_a
भुईनळा
700
_a
शेवडे शैलजा
730
_a
भुईनळा
942
_c
BOOK
999
_c
833183
_d
833180